Представление документа в формате RUSMARC

ПолеНазваниеЗначение
  Тип записи a
  Библиографический уровень c
001 Контрольный номер RU/SLIB/B/208771707
005 Дата корректировки 20201206204305.1
010 Индекс ISBN __
d Цена 2-87
101 Язык документа __
a Язык текста rus
200 Заглавие и сведения об ответственности __
a Заглавие Русские советские песни (1917-1977)
f Первые сведения об ответственности сост. Н. Крюков и Я. Шведов
b Общее обозначение материала Текст
210 Выходные данные __
a Место издания М.
c Издательство Худож. лит.
d Дата издания 1977
215 Физическое описание __
a Объем 751 с.
327 Примечание о содержании __
a Примечание о содержании Варшавянка / Г. Кржижановский
330 Аннотация __
a Аннотация Сборник - своеобразная летопись русской советской песни за 60 лет.
606 Тематические рубрики __
a Основная рубрика Художественная литература
z Хронологическая подрубрика 20 в.
y Географическая подрубрика Россия
606 Тематические рубрики __
a Основная рубрика Русская литература XX в. (произведения)
610 Ключевые слова __
a Ключевые слова поэты; поэзия; песни; стихи
686 Индексы других классификаций __
a Классификационный индекс 84(2Рос=Рус)6-4
701 Альтернативная интеллектуальная ответственность __
a Фамилия Крюков
b Имя Н.
701 Альтернативная интеллектуальная ответственность __
a Фамилия Шведов
b Имя Я.
701 Альтернативная интеллектуальная ответственность __
a Фамилия Кржижановский
b Имя Г. М.
701 Альтернативная интеллектуальная ответственность __
a Фамилия Шкулев
b Имя Ф. С.
701 Альтернативная интеллектуальная ответственность __
a Фамилия Бедный
b Имя Д.
701 Альтернативная интеллектуальная ответственность __
a Фамилия Безыменский
b Имя А.
701 Альтернативная интеллектуальная ответственность __
a Фамилия Корнилов
b Имя Б. П.
701 Альтернативная интеллектуальная ответственность __
a Фамилия Лебедев-Кумач
b Имя В. И.
801 Источник записи _0
a Страна RU
b Организация Муниципальное бюджетное учреждение культуры "Централизованная библиотечная система" г. Сургут (Центральная городская библиотека им. А. С. Пушкина)
g Правила каталогизации КиК/Елгина
801 Источник записи _1
a Страна RU
b Организация Муниципальное бюджетное учреждение культуры "Централизованная библиотечная система" г. Сургут (Центральная городская библиотека им. А. С. Пушкина)
g Правила каталогизации КиК/Елгина
852 Данные о местонахождении __
j Шифр хранения 84(2Рос=Рус)6-4
i Авторский знак Р 89
p Инвентарный номер 65899(с)
901 Тип документа __
t Тип документа x
969 Тип издания __
a Тип издания сборник
990 Данные о заказе (DOS) __
j Количество экземпляров (DOS) 1
t N записи в КСУ для И/У (DOS) ретро